00539cam a22002291 4500001001300000003000400013005001700017008004100034010001700075025001900092035002000111040002100131042001200152050002000164100001800184245003100202260001100233300001900244500001600263500001300279999001700292sa 64001827 DLC20260227112005.0940426s1962 ii 000 1 kanr  asa 64001827  aPL480:I-Kan-64 a(OCoLC)30334216 aDLCcCUdCUdDLC apremarc00aPL4659.R33bK251 aRamamurti, M.10aKaikoṭṭa prēmapatra. c[1962] a160 p.c18 cm. aIn Kannada. aA novel. c56964d56964